000 00758nam a2200229 a 4500
001 000031216
003 DO-SdBNP
005 20240412074255.0
008 110614s1927 dr r 000 j spa d
040 _aDO-SdBNP
_bspa
_cBNPHU
082 _aRD863.4
_bP592d
100 1 _aPichardo, José María
_d1888-1964.
_957687
245 1 0 _aDe pura cepa /
_cJosé María Pichardo ; prólogo de M. A. Patín Maceo.
260 _aSanto Domingo :
_bImprenta de J. R. Vda. García Sucesores,
_c1927.
300 _a175 p. ;
_c22 cm.
590 _aInventariado, 2018/LP
650 0 _aCuentos dominicanos
_9176
650 0 _aLiteratura dominicana.
_967
700 1 _aPatín Maceo, M. A.,
_epról.
_957688
910 _aValidado. Control de calidad MFF
942 _2ddc
_cLBS1
999 _c30708
_d30708